| 000 | 00544nam a22001697a 4500 | ||
|---|---|---|---|
| 005 | 20171113093115.0 | ||
| 010 | _aENG-121312 | ||
| 020 |
_a8190273396 _c395.00 |
||
| 035 | _aEN-104844 | ||
| 037 | _bDBAD/PUB | ||
| 082 | _a808.88 | ||
| 245 |
_aInspiring famous quotation quote unquote / _cedited and complied by Roshni Bhatia |
||
| 260 |
_aDelhi _bExcel Publication _c2011 |
||
| 270 |
_a518/6B, 1st Floor, Karkari Road Vishwas Nagar, Shahdara _bDelhi _e110093 |
||
| 300 |
_a344p. _c23cm(Hb) |
||
| 942 |
_2ddc _cEN _h808.88 _mINS |
||
| 999 |
_c147315 _d147315 |
||